Guess the Fortnite skin by description - Statistics

General Stats
  • This quiz has been taken 13 times
  • The average score is 15 of 29
Answer Stats
Hint Answer % Correct
A banana Peely
92%
A Fish with guns Fishstick
83%
The dad simpson Homer Simpson
83%
A tree from the Guardians of the Galaxy Groot
75%
The mom simpson Marge Simpson
75%
A wrestler that does U can't C me John Cena
67%
The dude that turns gold every few seconds Midas
67%
A literal skeleton Skull Trooper
67%
A dude that got bitten by a radioactive spider Spiderman
67%
A dude that's worst enemy is the Joker Bat man
58%
The bad guy in SCREAM Ghostface
58%
The rarest skin ever Renegade Raider
58%
The main person from a K-Pop group Rumi
58%
A rapper that performed "Fein" Travis Scott
58%
The rapper from a K-Pop group Zoey
58%
The first skin you ever get Default
50%
The fastest rapper ever Eminem
50%
A Dragon Ball Z dude Goku
50%
An ice dude from Mortal Kombat Sub-zero
50%
An ice cream cone with a big smile Lil Whip
42%
A fire dude from Mortal Kombat Scorpion
42%
A girl that sings 7 rings Ariana Grande
33%
A gangster pickle Big Dill
33%
The emo person from a K-Pop group Mira
33%
A person that holds the universe Galaxy
25%
A titular protagonist of the psychological thriller game franchise Alan Wake
17%
A sweaty skin Aura
8%
A girl from INVINCIBLE Dupli-kate
8%
A jelly dude with a cute smile Color Splash Jellie
0%
No matching quizzes found
Score Distribution
Percent of People with Each Score
Percentile by Number Answered
Your Score History
You have not taken this quiz